[Event "Championnat de la Loire Open"]
[Site "?"]
[Date "2002.03.30"]
[Round "3"]
[White "Valet, Godeffroy"]
[Black "Barthelemy, Jerome"]
[Result "1/2-1/2"]
[WhiteElo "1500"]
[BlackElo "1400"]
[PlyCount "104"]
[EventDate "1996.??.??"]

1. e4 c5 2. Nc3 e6 3. Nf3 a6 4. a4 Nc6 5. d3 Qc7 6. g3 Nf6 7. Bg2 e5 8. Bg5 Be7
9. O-O h6 10. Bxf6 Bxf6 11. Nd5 Qd8 12. Nd2 d6 13. a5 Nxa5 14. f4 Be6 15. Nxf6+
gxf6 16. f5 Bd7 17. c3 Nc6 18. Nc4 Qc7 19. Qh5 b5 20. Na3 Na5 21. Qd1 Qb6 22.
b4 cxb4+ 23. Kh1 bxa3 24. Rxa3 Nc6 25. Rf2 Ke7 26. Rfa2 a5 27. Qb3 b4 28. Rb2
Qe3 29. Ra1 Rhb8 30. Qc4 bxc3 31. Rxb8 Rxb8 32. Qxc3 Qd4 33. Qxd4 Nxd4 34. h3
Ra8 35. Kg1 a4 36. Kf1 Nc2 37. Ra2 Ne3+ 38. Kf2 Nxg2 39. Kxg2 Bb5 40. Ra3 Kd7
41. Kf2 Kc6 42. Ke2 d5 43. Kd2 dxe4 44. dxe4 Bf1 45. h4 Bg2 46. Ke3 Kc5 47. Ra2
a3 48. Rxg2 a2 49. Rxa2 Rxa2 50. Kf3 Kd4 51. Kg4 Ra3 52. Kh5 Rxg3 1/2-1/2

[Event "Championnat de la Loire Open"]
[Site "?"]
[Date "2002.03.30"]
[Round "3"]
[White "Mialon, Franck"]
[Black "Doran, Niall"]
[Result "1-0"]
[WhiteElo "1210"]
[BlackElo "1499"]
[PlyCount "75"]
[EventDate "1996.??.??"]

1. e4 e6 2. d4 d5 3. Nc3 Bb4 4. Bd2 b6 5. a3 Bxc3 6. Bxc3 Ne7 7. e5 c5 8. Qg4
Nf5 9. Bd3 g6 10. Bxf5 gxf5 11. Qh5 Qc7 12. Nf3 cxd4 13. Bxd4 Qxc2 14. O-O Bb7
15. Rac1 Qa4 16. Rc7 Rf8 17. Rxb7 Nc6 18. Qh4 Rc8 19. h3 Qa6 20. Ng5 Qxb7 21.
Nxh7 Qe7 22. Nf6+ Kd8 23. Be3 Nxe5 24. Bg5 Kc7 25. Nxd5+ exd5 26. Bxe7 Rg8 27.
Qh7 Nf3+ 28. Kh1 Rg6 29. Qxf7 Ne5 30. Qxf5 Rcg8 31. Qxe5+ Kb7 32. Qxd5+ Ka6 33.
g3 R8g7 34. Qd3+ Kb7 35. Rc1 Rg8 36. Rc4 Re6 37. Qd7+ Ka6 38. Qxe6 1-0

[Event "Championnat de la Loire Open"]
[Site "?"]
[Date "2002.03.30"]
[Round "3"]
[White "Langlade, Remy"]
[Black "Gerey, Jean-Pierre"]
[Result "1-0"]
[WhiteElo "1499"]
[BlackElo "1300"]
[PlyCount "63"]
[EventDate "1996.??.??"]

1. e4 e5 2. Nf3 Nc6 3. Nc3 Nf6 4. Bc4 Bc5 5. d3 h6 6. a3 d6 7. b4 Bb6 8. h3 O-O
9. Nd5 Nxd5 10. Bxd5 Nd4 11. c3 Nxf3+ 12. Qxf3 Qe8 13. Bb2 a5 14. d4 axb4 15.
axb4 Rxa1+ 16. Bxa1 c6 17. Bb3 Be6 18. Bc2 Qa8 19. O-O Qa2 20. Bd3 Bc4 21. dxe5
dxe5 22. Bxc4 Qxc4 23. Rd1 Ra8 24. Qg3 Ra2 25. Rf1 Rxa1 26. Rxa1 Qxe4 27. Ra8+
Kh7 28. Rf8 Qe1+ 29. Kh2 Bxf2 30. Qd3+ g6 31. Rxf7+ Kg8 32. Qxg6+ 1-0

[Event "Championnat de la Loire Open"]
[Site "?"]
[Date "2002.03.30"]
[Round "3"]
[White "Conesa, Antoine"]
[Black "Chabas, Jean-Luc"]
[Result "0-1"]
[WhiteElo "1410"]
[BlackElo "1580"]
[PlyCount "105"]
[EventDate "1996.??.??"]

1. e4 c6 2. Nf3 d5 3. e5 Bf5 4. d4 e6 5. Be3 Nd7 6. b3 Rc8 7. Bd3 Bxd3 8. Qxd3
Qa5+ 9. c3 c5 10. O-O cxd4 11. Bxd4 a6 12. b4 Qa4 13. Nbd2 Ne7 14. Nb3 Nf5 15.
Nfd2 Be7 16. Na5 Nxd4 17. Qxd4 Rc7 18. a3 b6 19. Nab3 O-O 20. Rfc1 Rfc8 21. h3
Bg5 22. f4 Be7 23. Ra2 h6 24. Rcc2 Bh4 25. f5 Be1 26. Kf1 Bxd2 27. Nxd2 Qb5+
28. Ke1 exf5 29. a4 Qc6 30. Nb3 Qe6 31. Kd2 Qxe5 32. Qxe5 Nxe5 33. Nd4 g6 34.
Rc1 Kg7 35. Rac2 Nc4+ 36. Kd3 Nd6 37. Nf3 Kf6 38. Kd4 Ne4 39. Ng1 Ke6 40. Ne2
Rc4+ 41. Ke3 Kd6 42. Kd3 Ke5 43. Nd4 g5 44. Re1 Rxc3+ 45. Rxc3 Rxc3+ 46. Ke2
Kxd4 47. Rd1+ Kc4 48. b5 axb5 49. axb5 Kxb5 50. Rxd5+ Kc6 51. Rxf5 Ng3+ 52. Kd2
Nxf5 53. Kxc3 0-1

[Event "Championnat de la Loire Open"]
[Site "?"]
[Date "2002.03.30"]
[Round "3"]
[White "Treveys, Maxime"]
[Black "Ardagna, Judith"]
[Result "1-0"]
[WhiteElo "1630"]
[BlackElo "1199"]
[PlyCount "55"]
[EventDate "1996.??.??"]

1. d4 d5 2. c4 Nf6 3. cxd5 Nxd5 4. e4 Nf4 5. Bxf4 Nc6 6. Bb5 a6 7. Bxc6+ bxc6
8. Nf3 e6 9. O-O Bb4 10. Qa4 Bb7 11. Qxb4 Rb8 12. Qa5 Rc8 13. Qb4 Rb8 14. Qa5
c5 15. Bxc7 Qc8 16. Qa4+ Kf8 17. Bd6+ Kg8 18. Bxb8 Qxb8 19. dxc5 h5 20. c6 Bc8
21. c7 Qxc7 22. Qe8+ Kh7 23. Ng5+ Kg6 24. Qxh8 Kxg5 25. Qxg7+ Kh4 26. Nd2 Qf4
27. Nf3+ Qxf3 28. gxf3 1-0

[Event "Championnat de la Loire Open"]
[Site "?"]
[Date "2002.03.30"]
[Round "3"]
[White "Veyrat, Gerard"]
[Black "Rogues, Jean-Luc"]
[Result "0-1"]
[WhiteElo "1140"]
[BlackElo "1340"]
[PlyCount "118"]
[EventDate "1996.??.??"]

1. d4 d5 2. c4 c6 3. c5 Nf6 4. e3 Bf5 5. Nc3 Nbd7 6. Bd3 Bxd3 7. Qxd3 e6 8. h3
Be7 9. Bd2 O-O 10. Nf3 b6 11. b4 Qc7 12. O-O bxc5 13. bxc5 e5 14. Ng5 h6 15.
Nf3 e4 16. Qe2 exf3 17. Qxf3 Rfe8 18. Rab1 Bd8 19. Rfe1 Ne4 20. Nxe4 Rxe4 21.
Rb2 Rb8 22. Reb1 Rxb2 23. Rxb2 Nf6 24. g3 Re8 25. a4 Ne4 26. Be1 Be7 27. a5 Rb8
28. Rxb8+ Qxb8 29. Qg4 Nf6 30. Qf5 Qc7 31. Qb1 Bd8 32. a6 Nh7 33. Qb7 Qxb7 34.
axb7 Bc7 35. Ba5 Bb8 36. f3 Ng5 37. h4 Nxf3+ 38. Kf2 Nh2 39. Kg2 Ng4 40. Kf3
Nf6 41. Bd8 Ne4 42. Kg4 Nc3 43. Kf5 Kf8 44. g4 Ke8 45. Bb6 axb6 46. cxb6 Na4
47. e4 Nxb6 48. e5 Nd7 49. g5 g6+ 50. Kg4 h5+ 51. Kf4 Ke7 52. Ke3 Ke6 53. Kf4
Bc7 54. Ke3 Kf5 55. Kd3 Kg4 56. Kc3 Kxh4 57. e6 fxe6 58. Kb4 Kxg5 59. Ka4 Kf4
0-1

[Event "Championnat de la Loire Open"]
[Site "?"]
[Date "2002.03.30"]
[Round "3"]
[White "Gerey, Bernard"]
[Black "Bourgin, Christian"]
[Result "0-1"]
[WhiteElo "1230"]
[BlackElo "1130"]
[PlyCount "79"]
[EventDate "1996.??.??"]

1. e4 c5 2. Nf3 Nc6 3. d4 e6 4. Bd3 cxd4 5. a3 e5 6. O-O d6 7. b4 Bg4 8. Nbd2
Be7 9. h3 Bh5 10. Bb2 Bg5 11. Be2 Bxd2 12. Nxd2 Bg6 13. c4 dxc3 14. Bxc3 Nf6
15. Bf3 O-O 16. Re1 Ne8 17. Nc4 b5 18. Ne3 Qh4 19. Nf5 Bxf5 20. exf5 Rc8 21.
Re4 Qg5 22. Bd2 Qxf5 23. g4 Qg6 24. Re1 Nd4 25. Be4 f5 26. Bd5+ Kh8 27. Bg2 Nc2
28. Qc1 Nf6 29. gxf5 Qxf5 30. Bb7 Rc4 31. Kh2 Qxf2+ 32. Kh1 Qg3 33. Bg2 Nxe1
34. Qxe1 Qxe1+ 35. Rxe1 Rc2 36. Re2 Nh5 37. Kg1 Ng3 38. Rf2 Rxf2 39. Kxf2 Rxd2+
40. Kxg3 0-1

[Event "Championnat de la Loire Open"]
[Site "?"]
[Date "2002.03.30"]
[Round "3"]
[White "Soler, Gerald"]
[Black "Bruyas, Benjamin"]
[Result "0-1"]
[WhiteElo "1130"]
[BlackElo "1210"]
[PlyCount "38"]
[EventDate "1996.??.??"]

1. e4 e5 2. Nf3 Nc6 3. Bc4 Bc5 4. c3 Nf6 5. d4 exd4 6. cxd4 Bb4+ 7. Bd2 Nxe4 8.
Bxb4 Nxb4 9. O-O b6 10. Nc3 Nxc3 11. bxc3 Nc6 12. Bd5 O-O 13. a4 Bb7 14. Ne5
Qf6 15. Nxd7 Qd6 16. Bxc6 Bxc6 17. Ne5 Bb7 18. a5 Qd5 19. a6 Qxg2# 0-1

[Event "Championnat de la Loire Open"]
[Site "?"]
[Date "2002.03.30"]
[Round "4"]
[White "Fuster, Pierre"]
[Black "Valentin, Alain"]
[Result "1/2-1/2"]
[WhiteElo "1699"]
[BlackElo "1700"]
[PlyCount "26"]
[EventDate "1996.??.??"]

1. e4 e6 2. d4 d5 3. Nc3 Bb4 4. e5 c5 5. a3 Bxc3+ 6. bxc3 Ne7 7. Qg4 Qc7 8.
Qxg7 Rg8 9. Qxh7 cxd4 10. Kd1 Qxc3 11. Rb1 d3 12. Bxd3 Qxe5 13. Nf3 Qg7 1/2-1/2

[Event "Championnat de la Loire Open"]
[Site "?"]
[Date "2002.03.30"]
[Round "4"]
[White "Walter, Alain"]
[Black "Gidon, Rene"]
[Result "1-0"]
[WhiteElo "1730"]
[BlackElo "1570"]
[PlyCount "88"]
[EventDate "1996.??.??"]

1. e4 e5 2. Nf3 Nc6 3. Bb5 a6 4. Ba4 Nf6 5. O-O d6 6. Re1 b5 7. Bb3 Be7 8. h3
O-O 9. c3 Na5 10. Bc2 Bb7 11. d4 Nd7 12. Nbd2 Nc4 13. Nxc4 bxc4 14. dxe5 Nxe5
15. Nxe5 dxe5 16. Be3 a5 17. Qg4 f6 18. Qe6+ Kh8 19. Qxc4 Bd6 20. Qe2 Qe7 21.
Red1 Rfd8 22. Rd2 h6 23. Rad1 a4 24. a3 Bc6 25. Bb1 Qe6 26. Qh5 Be8 27. Qh4
Rab8 28. f4 Qe7 29. f5 Bd7 30. Kh2 Kh7 31. g4 Be8 32. Rg2 Bc5 33. Bxc5 Qxc5 34.
Rxd8 Rxd8 35. Qe1 Bc6 36. Rd2 Rb8 37. h4 Qb6 38. Ba2 Be8 39. Rg2 Qc6 40. Qe3
Rb6 41. Be6 Bd7 42. Bxd7 Qxd7 43. Rd2 Qc6 44. g5 Qe8 1-0

[Event "Championnat de la Loire Open"]
[Site "?"]
[Date "2002.03.30"]
[Round "4"]
[White "Mialon, Franck"]
[Black "Carrot, Patrick"]
[Result "0-1"]
[WhiteElo "1210"]
[BlackElo "1780"]
[PlyCount "40"]
[EventDate "1996.??.??"]

1. e4 c5 2. Nf3 Nc6 3. b3 d6 4. Bb2 Nf6 5. Nc3 a6 6. Bc4 e6 7. O-O b5 8. Be2 b4
9. Na4 Nxe4 10. d3 Nf6 11. Ng5 Nd4 12. Bxd4 cxd4 13. Bf3 Rb8 14. Rc1 Be7 15.
Bh5 Nxh5 16. Qxh5 Bxg5 17. f4 Bh6 18. f5 Bxc1 19. fxe6 Be3+ 20. Kh1 Bxe6 0-1

[Event "Championnat de la Loire Open"]
[Site "?"]
[Date "2002.03.30"]
[Round "4"]
[White "Rengame, Mohane"]
[Black "Langlade, Remy"]
[Result "1-0"]
[WhiteElo "1540"]
[BlackElo "1499"]
[PlyCount "99"]
[EventDate "1996.??.??"]

1. c4 e5 2. Nc3 Nf6 3. g3 Bc5 4. Bg2 d6 5. e3 Ng4 6. d4 Bb4 7. Qa4+ Nc6 8. d5
Bxc3+ 9. bxc3 Qf6 10. f3 e4 11. dxc6 Qxc3+ 12. Bd2 Qxa1+ 13. Ke2 O-O 14. cxb7
Bxb7 15. fxg4 Qb1 16. Nh3 Qd3+ 17. Ke1 Bc8 18. Nf4 Qb1+ 19. Kf2 Qb2 20. Qa5
Bxg4 21. Bxe4 Qf6 22. Bxa8 Rxa8 23. Rb1 g5 24. Qxc7 gxf4 25. exf4 Qd4+ 26. Be3
Qe4 27. Qb7 Qc2+ 28. Kg1 Qxc4 29. Qxa8+ Kg7 30. Qxa7 Qd3 31. Qd4+ Qxd4 32.
Bxd4+ f6 33. Rb6 Be6 34. Rxd6 Bxa2 35. Rxf6 Kg8 36. h4 Bb1 37. g4 Be4 38. Kf2
Bg6 39. h5 Be8 40. Rh6 Bf7 41. f5 Be8 42. g5 Bf7 43. g6 hxg6 44. fxg6 Bxg6 45.
Rxg6+ Kh7 46. Ra6 Kg8 47. Ra7 Kf8 48. h6 Ke8 49. h7 Kf8 50. h8=Q# 1-0

[Event "Championnat de la Loire Open"]
[Site "?"]
[Date "2002.03.30"]
[Round "4"]
[White "Chabas, Jean-Luc"]
[Black "Valet, Godeffroy"]
[Result "1-0"]
[WhiteElo "1580"]
[BlackElo "1500"]
[PlyCount "59"]
[EventDate "1996.??.??"]

1. d4 d5 2. Nf3 Nf6 3. c4 c5 4. cxd5 Nxd5 5. Nc3 Nxc3 6. bxc3 Nc6 7. d5 Na5 8.
c4 e6 9. e4 b6 10. Bb2 Ba6 11. Be2 Bxc4 12. Bxc4 Rb8 13. Bb5+ Ke7 14. Be5 f6
15. Bxb8 Qxb8 16. dxe6 Qd6 17. Qa4 Qxe6 18. Rd1 Kf7 19. O-O g5 20. Rd7+ Kg6 21.
Rfd1 h5 22. Rxa7 h4 23. Bd7 Qc4 24. Bf5+ Kh6 25. Qd7 Qg8 26. Qc7 Nc4 27. Rd7
Bd6 28. Rh7+ Rxh7 29. Qxh7+ Qxh7 30. Rxh7# 1-0

[Event "Championnat de la Loire Open"]
[Site "?"]
[Date "2002.03.30"]
[Round "4"]
[White "Barthelemy, Jerome"]
[Black "Bournez, Gerard"]
[Result "0-1"]
[WhiteElo "1400"]
[BlackElo "1540"]
[PlyCount "137"]
[EventDate "1996.??.??"]

1. d4 Nf6 2. c4 d5 3. Nc3 c6 4. Bg5 e6 5. Nf3 h6 6. Bf4 Bd6 7. Be5 O-O 8. e3 a6
9. Bxd6 Qxd6 10. Ne5 b6 11. Bd3 dxc4 12. Bxc4 Nd5 13. O-O b5 14. Bd3 c5 15.
Nxd5 exd5 16. Rc1 c4 17. Be2 Be6 18. Bf3 Nd7 19. Nxd7 Qxd7 20. e4 dxe4 21. Bxe4
Rad8 22. Re1 Qxd4 23. Qxd4 Rxd4 24. Bb7 a5 25. Ba6 b4 26. Re2 Rfd8 27. Kf1 Rd1+
28. Rxd1 Rxd1+ 29. Re1 Rd2 30. Rc1 Rxb2 31. Bxc4 Bxc4+ 32. Rxc4 Rxa2 33. Rc1 b3
34. Rb1 b2 35. Ke2 a4 36. Kd3 Ra3+ 37. Kc2 Ra1 38. Rxb2 Rg1 39. Kd3 Rxg2 40.
Ke3 Rxh2 41. Ra2 Rh4 42. f4 a3 43. Kf3 Rh3+ 44. Kg4 Rb3 45. Kf5 g6+ 46. Kg4 Kg7
47. Rd2 h5+ 48. Kh4 Rb2 49. Rd7 a2 50. Ra7 Kh6 51. Ra6 f5 52. Ra5 Rg2 53. Kh3
Rg4 54. Rxa2 Rxf4 55. Kg3 Kg5 56. Ra3 Re4 57. Rb3 f4+ 58. Kf3 Re3+ 59. Rxe3
fxe3 60. Kxe3 Kg4 61. Kf2 h4 62. Kg2 g5 63. Kh2 Kf3 64. Kh1 g4 65. Kh2 Kf2 66.
Kh1 Kg3 67. Kg1 h3 68. Kh1 Kf2 69. Kh2 0-1

[Event "Championnat de la Loire Open"]
[Site "?"]
[Date "2002.03.30"]
[Round "4"]
[White "Rogues, Jean-Luc"]
[Black "Treveys, Maxime"]
[Result "0-1"]
[WhiteElo "1340"]
[BlackElo "1630"]
[PlyCount "44"]
[EventDate "1996.??.??"]

1. d4 Nf6 2. c4 g6 3. Nc3 Bg7 4. Bg5 O-O 5. e3 d6 6. Bxf6 Bxf6 7. Nf3 Nd7 8.
Be2 c5 9. O-O a6 10. Ne4 Bg7 11. Rb1 Nf6 12. Bd3 Qc7 13. d5 Bd7 14. Nfd2 b5 15.
Nxf6+ Bxf6 16. b3 b4 17. f4 a5 18. e4 a4 19. f5 axb3 20. Qxb3 Ba4 21. Qxa4 Rxa4
22. fxg6 fxg6 0-1

[Event "Championnat de la Loire Open"]
[Site "?"]
[Date "2002.03.30"]
[Round "4"]
[White "Doran, Niall"]
[Black "Gerey, Jean-Pierre"]
[Result "0-1"]
[WhiteElo "1499"]
[BlackElo "1300"]
[PlyCount "60"]
[EventDate "1996.??.??"]

1. e4 e5 2. Nf3 Nc6 3. Bc4 Nf6 4. d3 d6 5. Ng5 d5 6. exd5 Na5 7. Nxf7 Kxf7 8.
Nc3 Nxc4 9. dxc4 Bb4 10. h3 Re8 11. O-O Kg8 12. Bg5 Qd6 13. Qf3 Bxc3 14. bxc3
Rf8 15. Qe3 b6 16. Rfe1 Ba6 17. Bxf6 Qxf6 18. f3 Rae8 19. c5 Bc4 20. cxb6 axb6
21. Qe4 Ba6 22. Qa4 b5 23. Qa3 Qb6+ 24. Kh1 Rf6 25. Rab1 Rg6 26. c4 Bc8 27.
Rxb5 Qf2 28. Rg1 Bxh3 29. Kh2 Rxg2+ 30. Kxh3 Qg3# 0-1

[Event "Championnat de la Loire Open"]
[Site "?"]
[Date "2002.03.30"]
[Round "4"]
[White "Mottet, Bertrand"]
[Black "Bruyas, Benjamin"]
[Result "1-0"]
[WhiteElo "1450"]
[BlackElo "1210"]
[PlyCount "65"]
[EventDate "1996.??.??"]

1. e4 e5 2. f4 f6 3. f5 g6 4. Bc4 b6 5. Qg4 Ne7 6. Nc3 gxf5 7. Qh5+ Ng6 8. exf5
Bg7 9. fxg6 h6 10. Bf7+ Kf8 11. b3 Qe7 12. Nd5 Qd6 13. a4 Nc6 14. Ba3 Nb4 15.
Bxb4 c5 16. Ba3 Bb7 17. c4 a6 18. Nf3 b5 19. a5 b4 20. Bb2 Rc8 21. O-O Bxd5 22.
Bxd5 Ke7 23. Nh4 Kd8 24. Nf5 Qf8 25. Ne3 d6 26. Bf7 Kc7 27. Nd5+ Kb7 28. Nxf6
Bxf6 29. Rxf6 Kc7 30. Raf1 Qg7 31. Bd5 Rhf8 32. Rf7+ Rxf7 33. Rxf7+ 1-0

[Event "Championnat de la Loire Open"]
[Site "?"]
[Date "2002.03.30"]
[Round "4"]
[White "Bourgin, Christian"]
[Black "Trottet, Francois"]
[Result "0-1"]
[WhiteElo "1130"]
[BlackElo "1420"]
[PlyCount "66"]
[EventDate "1996.??.??"]

1. d4 d5 2. c4 c6 3. Nc3 Nf6 4. Nf3 e6 5. Bg5 Nbd7 6. e4 h6 7. Bh4 Be7 8. e5
Nh7 9. Bxe7 Qxe7 10. Bd3 dxc4 11. Bxc4 Ng5 12. Nxg5 Qxg5 13. O-O Nb6 14. Ne4
Qe7 15. Nd6+ Kd7 16. Bb3 Kc7 17. Rc1 Bd7 18. d5 exd5 19. f4 Rhf8 20. Qe1 f6 21.
Qb4 Qd8 22. a4 a5 23. Qa3 fxe5 24. fxe5 Rxf1+ 25. Rxf1 Be6 26. Bc2 Nd7 27. Qg3
g5 28. Nf7 Qf8 29. Nxg5 Qc5+ 30. Kh1 hxg5 31. Bg6 g4 32. Bf7 Rf8 33. Rf6 Qc1+
0-1

[Event "Championnat de la Loire Open"]
[Site "?"]
[Date "2002.03.30"]
[Round "4"]
[White "Gerey, Bernard"]
[Black "Vinot, Raoul"]
[Result "0-1"]
[WhiteElo "1230"]
[BlackElo "1390"]
[PlyCount "88"]
[EventDate "1996.??.??"]

1. e4 e5 2. Nf3 Nc6 3. d4 exd4 4. Nxd4 Nxd4 5. Qxd4 d6 6. Bc4 c5 7. Qe3 Be7 8.
O-O Nf6 9. Nc3 O-O 10. Nd5 Re8 11. e5 Ng4 12. Qe4 Nxe5 13. Nxe7+ Qxe7 14. Re1
Rb8 15. f4 Ng6 16. Qxe7 Rxe7 17. Rxe7 Nxe7 18. Bd3 Bf5 19. Bd2 Bxd3 20. cxd3
Re8 21. Re1 Kf8 22. Rb1 b5 23. a3 Nc6 24. Rc1 Nd4 25. Re1 Rxe1+ 26. Bxe1 Ne2+
27. Kf2 Nxf4 28. Kf1 Nxd3 29. Bg3 Ke7 30. b3 Ke6 31. Ke2 Nc1+ 32. Ke3 Nxb3 33.
h4 Nd4 34. Ke4 d5+ 35. Kd3 Nf5 36. Bf2 Kd6 37. g4 Nh6 38. Bg3+ Ke6 39. Bf2 c4+
40. Kd4 Nxg4 41. Be1 f5 42. Kc5 f4 43. Kxb5 f3 44. a4 c3 0-1

[Event "Championnat de la Loire Open"]
[Site "?"]
[Date "2002.03.30"]
[Round "4"]
[White "Veyrat, Gerard"]
[Black "Conesa, Antoine"]
[Result "0-1"]
[WhiteElo "1140"]
[BlackElo "1410"]
[PlyCount "56"]
[EventDate "1996.??.??"]

1. d4 d5 2. c4 dxc4 3. Nc3 e6 4. e3 Nf6 5. Bxc4 Bd6 6. d5 Bb4 7. Bd2 O-O 8. Nf3
exd5 9. Bb3 Be6 10. O-O c5 11. Bc2 Nc6 12. Ng5 Bg4 13. f3 Bh5 14. a3 Ba5 15.
Na4 Nd7 16. Bxh7+ Kh8 17. e4 g6 18. exd5 Ne7 19. d6 Nc8 20. Bf4 Qf6 21. g3 Re8
22. Nxc5 Bb6 23. Qd5 Bxc5+ 24. Kg2 Nxd6 25. g4 Qxf4 26. gxh5 Re2+ 27. Rf2 Rxf2+
28. Kh3 Rxh2# 0-1

[Event "Championnat de la Loire Open"]
[Site "?"]
[Date "2002.03.30"]
[Round "4"]
[White "Ardagna, Judith"]
[Black "Soler, Gerald"]
[Result "0-1"]
[WhiteElo "1199"]
[BlackElo "1130"]
[PlyCount "114"]
[EventDate "1996.??.??"]

1. d4 d5 2. c4 c6 3. e3 e6 4. Nc3 Nf6 5. Nf3 Be7 6. Bd3 O-O 7. Ne5 Nbd7 8. Ng4
Nxg4 9. Qxg4 Nf6 10. Qf4 Bd6 11. Qf3 Qc7 12. e4 dxe4 13. Nxe4 Nxe4 14. Qxe4 g6
15. Bh6 Re8 16. O-O Bxh2+ 17. Kh1 Bd6 18. g3 Bf8 19. Qh4 Bxh6 20. Qxh6 Qb6 21.
Kg2 Qxd4 22. Rh1 Qg7 23. Qxg7+ Kxg7 24. Rae1 Rd8 25. Be4 Rd2 26. Rh4 Rxb2 27.
Reh1 h5 28. g4 hxg4 29. Rh7+ Kf6 30. R1h6 Rxa2 31. Rh8 a5 32. Rf8 Ke5 33. Bb1
Rb2 34. Bd3 a4 35. Rxf7 a3 36. Rxg6 a2 37. Rg5+ Kd4 38. Rf4+ Kxd3 39. Rgxg4
a1=Q 40. Rd4+ Kc3 41. c5 Rc2 42. Rc4+ Kb2 43. Rb4+ Kc3 44. Rgc4+ Kd2 45. Rd4+
Kc1 46. Re4 Qc3 47. Re1+ Qxe1 48. Rf4 Raa2 49. Kg3 Qg1+ 50. Kf3 Rxf2+ 51. Ke3
Rxf4+ 52. Kxf4 Qxc5 53. Ke4 Ra4+ 54. Kf3 Qc3+ 55. Kf2 Ra2+ 56. Kf1 Qf3+ 57. Ke1
Qe2# 0-1

[Event "Championnat de la Loire Open"]
[Site "?"]
[Date "2002.04.27"]
[Round "5"]
[White "Fuster, Pierre"]
[Black "Walter, Alain"]
[Result "1-0"]
[WhiteElo "1699"]
[BlackElo "1730"]
[PlyCount "58"]

1. e4 c5 2. Nf3 d6 3. d4 cxd4 4. Nxd4 Nf6 5. Nc3 Nc6 6. Be2 g6 7. Be3 Bg7 8.
Qd2 O-O 9. f3 Bd7 10. O-O-O a6 11. g4 Rc8 12. h4 Nb4 13. a3 Rxc3 14. bxc3 Nc6
15. Nb3 Qc7 16. Bh6 Rc8 17. Bxg7 Kxg7 18. h5 Na5 19. Kb2 Be6 20. Nxa5 Qxa5 21.
Qd4 Rc6 22. Ra1 Qb6+ 23. Qxb6 Rxb6+ 24. Kc1 Rc6 25. Kd2 g5 26. Rab1 Rc7 27. Rb4
h6 28. Rhb1 Bc8 29. a4 e5 1-0

[Event "Championnat de la Loire Open"]
[Site "?"]
[Date "2002.04.27"]
[Round "5"]
[White "Carrot, Patrick"]
[Black "Treveys, Maxime"]
[Result "1-0"]
[WhiteElo "1780"]
[BlackElo "1630"]
[PlyCount "45"]

1. e4 c5 2. Nf3 d6 3. d4 cxd4 4. Nxd4 Nf6 5. Nc3 a6 6. Bc4 e6 7. Bb3 Be7 8. O-O
O-O 9. f4 Qc7 10. Be3 Bd7 11. Qf3 Nc6 12. a3 b5 13. f5 Ne5 14. Qg3 Nc4 15. fxe6
fxe6 16. Bf2 Kh8 17. Bxc4 Qxc4 18. e5 dxe5 19. Qxe5 Ng4 20. Qe4 Nxf2 21. Rxf2
Rxf2 22. Kxf2 Bc5 23. Qxa8+ 1-0

[Event "Championnat de la Loire Open"]
[Site "?"]
[Date "2002.04.27"]
[Round "5"]
[White "Valentin, Alain"]
[Black "Rengame, Mohane"]
[Result "1-0"]
[WhiteElo "1700"]
[BlackElo "1540"]
[PlyCount "59"]

1. d4 d5 2. c4 e6 3. Nc3 c6 4. cxd5 cxd5 5. Bf4 Nf6 6. e3 a6 7. Bd3 Nc6 8. h3
h6 9. Nf3 Nh5 10. Bh2 f5 11. Ne5 Nf6 12. Be2 h5 13. Ng6 Rh7 14. Nxf8 Kxf8 15.
Rc1 Ne7 16. O-O b5 17. a3 g5 18. Na2 Ng6 19. Rc6 Bd7 20. Rc7 f4 21. Qc2 Rg7 22.
Re1 Ne7 23. exf4 gxf4 24. Bxf4 Kg8 25. Be5 Kf7 26. Qd2 Qg8 27. Bf3 Ke8 28. Bxf6
Rf7 29. Bxh5 Ng6 30. Qg5 1-0

[Event "Championnat de la Loire Open"]
[Site "?"]
[Date "2002.04.27"]
[Round "5"]
[White "Pareux, Marc"]
[Black "Gidon, Rene"]
[Result "1/2-1/2"]
[WhiteElo "1580"]
[BlackElo "1570"]
[PlyCount "58"]

1. d4 Nf6 2. f3 e6 3. e4 d6 4. Be3 Be7 5. Nc3 b6 6. Bc4 e5 7. Nge2 O-O 8. O-O
Nbd7 9. Qe1 c5 10. d5 a6 11. a4 Ne8 12. Ng3 Bh4 13. Bf2 g6 14. Nge2 Bxf2+ 15.
Qxf2 Ng7 16. Ng3 Nf6 17. f4 exf4 18. Qxf4 Nfh5 19. Nxh5 Nxh5 20. Qh6 Ra7 21.
Be2 Ng7 22. Rf4 f5 23. Raf1 Raf7 24. Bc4 Qe7 25. h3 Qe5 26. Qg5 Qd4+ 27. Kh1
Qxc4 28. exf5 Qxf4 29. Rxf4 Bxf5 1/2-1/2

[Event "Championnat de la Loire Open"]
[Site "?"]
[Date "2002.04.27"]
[Round "5"]
[White "Bournez, Gerard"]
[Black "Chabas, Jean-Luc"]
[Result "0-1"]
[WhiteElo "1540"]
[BlackElo "1580"]
[PlyCount "66"]

1. e4 c6 2. c3 d5 3. exd5 cxd5 4. d4 Bf5 5. Nf3 Nf6 6. Bd3 Bxd3 7. Qxd3 e6 8.
O-O Be7 9. Re1 Nbd7 10. h3 O-O 11. Ne5 Nb6 12. Nd2 Rc8 13. b3 Re8 14. Bb2 Bd6
15. f4 Qe7 16. g3 Rc7 17. Kg2 Rec8 18. Rac1 Ba3 19. Bxa3 Qxa3 20. Rc2 Qa5 21.
Rec1 Qa3 22. Nb1 Qd6 23. Nd2 Qe7 24. c4 dxc4 25. Nexc4 Rd8 26. Nxb6 Rxc2 27.
Rxc2 axb6 28. Nf3 Qd6 29. Re2 Nd5 30. Qd2 Rc8 31. Ne5 Nc3 32. Re3 Nd5 33. Rf3
Nb4 0-1

[Event "Championnat de la Loire Open"]
[Site "?"]
[Date "2002.04.27"]
[Round "5"]
[White "Trenteseaux, Alain"]
[Black "Mialon, Franck"]
[Result "1-0"]
[WhiteElo "1699"]
[BlackElo "1210"]
[PlyCount "51"]

1. e4 e5 2. Nf3 Nc6 3. Bb5 Bc5 4. O-O Nge7 5. c3 O-O 6. d4 exd4 7. cxd4 Bb6 8.
Re1 d6 9. a4 a6 10. Bc4 Bg4 11. Be2 Bxf3 12. Bxf3 Nxd4 13. Be3 Nxf3+ 14. Qxf3
Bxe3 15. Rxe3 f5 16. Qe2 fxe4 17. Rxe4 Nf5 18. Qc4+ d5 19. Qb3 Kh8 20. Re1 Rf6
21. Nd2 Rh6 22. Nf3 Rb6 23. Qc3 d4 24. Qd2 Qf6 25. Ne5 Rd8 26. Nd7 1-0

[Event "Championnat de la Loire Open"]
[Site "?"]
[Date "2002.04.27"]
[Round "5"]
[White "Gerey, Jean-Pierre"]
[Black "Mottet, Bertrand"]
[Result "1-0"]
[WhiteElo "1300"]
[BlackElo "1450"]
[PlyCount "69"]

1. e4 c5 2. Nf3 Nc6 3. d4 cxd4 4. Nxd4 d6 5. Bb5 Bd7 6. Nc3 g6 7. Qd3 Bg7 8.
Be3 Nf6 9. Nd5 O-O 10. Nxf6+ Bxf6 11. c3 Ne5 12. Qd1 Bxb5 13. Nxb5 Nc4 14. Qe2
Nxe3 15. Qxe3 Qa5 16. Nd4 Rac8 17. O-O Qb6 18. b3 Rc5 19. b4 Rc4 20. Rfd1 Rfc8
21. Rd3 e5 22. Nc2 Qxe3 23. Nxe3 Rxc3 24. Rxc3 Rxc3 25. Nd5 Rc4 26. Nxf6+ Kg7
27. Ne8+ Kh6 28. Nxd6 Rxb4 29. Nxf7+ Kg7 30. Nxe5 Rxe4 31. Nf3 Rb4 32. h3 b5
33. Ne5 Kf6 34. Nc6 a6 35. Nxb4 1-0

[Event "Championnat de la Loire Open"]
[Site "?"]
[Date "2002.04.27"]
[Round "5"]
[White "Trottet, Francois"]
[Black "Pupier, Terry"]
[Result "1/2-1/2"]
[WhiteElo "1420"]
[BlackElo "1099"]
[PlyCount "102"]

1. e4 e5 2. Nf3 Nc6 3. Bb5 a6 4. Ba4 Nf6 5. O-O b5 6. Bb3 h6 7. Re1 Bc5 8. c3
O-O 9. d4 exd4 10. cxd4 Bb4 11. Nc3 Re8 12. Qd3 Bxc3 13. bxc3 d5 14. e5 Nh7 15.
Bc2 Nf8 16. Bf4 Bg4 17. h3 Bh5 18. Qe3 Bg6 19. Bxg6 Nxg6 20. Bg3 Qd7 21. Nh4
Qe6 22. Qf3 Re7 23. Nf5 Ree8 24. h4 Nge7 25. Nxe7+ Rxe7 26. h5 Qd7 27. Bh4 Re6
28. g4 Rae8 29. Qf4 g5 30. hxg6 Rxg6 31. f3 h5 32. g5 Ne7 33. Kg2 Nf5 34. Rh1
Kg7 35. Bf2 Rh8 36. Rh3 Kf8 37. Rah1 Ng7 38. Re1 Ke8 39. Re2 Nf5 40. Qh2 Rxg5+
41. Kf1 Qc6 42. Rc2 Qc4+ 43. Ke1 Qa4 44. Kd2 Qc4 45. Qf4 Qf1 46. Qxg5 Qxf2+ 47.
Kd1 Qf1+ 48. Kd2 Qf2+ 49. Kd3 Qf1+ 50. Kd2 Qf2+ 51. Kd1 Qf1+ 1/2-1/2